| 000 | 00358nam a22001457a 4500 | ||
|---|---|---|---|
| 999 |
_c523779 _d523779 |
||
| 003 | NUST | ||
| 038 | _awaseem | ||
| 082 |
_a709.54918 _bALL |
||
| 100 |
_aAllana, Ghulam Ali _914550 |
||
| 245 |
_aArt of Sind / _cGhulam Ali Allana |
||
| 260 |
_aIslamabad : _bLok Virsa Publishing House , _cN.D. |
||
| 300 | _a93 p. ; | ||
| 500 | _aHardcover. | ||
| 942 |
_2ddc _cBK |
||